| 000 | 00688nam a22002177a 4500 | ||
|---|---|---|---|
| 003 | OSt | ||
| 005 | 20240730145958.0 | ||
| 008 | 120403t 2012xxu||||| |||| 00| 0 eng d | ||
| 040 | _c0 | ||
| 082 |
_26th _a720.25 PRE 2012 |
||
| 110 |
_aPrestige Publication _9118935 |
||
| 245 |
_aBuilding Resource Book of Pakistan _bPrestige Publication _hVol 1 and vol 2. |
||
| 250 | _a6th | ||
| 260 |
_aLahore: _bPrestige Publication; _c2014. |
||
| 300 |
_aVol 1. _c27 cm. |
||
| 650 |
_aArchitecture _xDairies _9118936 |
||
| 650 |
_aArchitecture _xDirectories _9118937 |
||
| 710 |
_aPrestige Publication _9118935 |
||
| 942 |
_2ddc _cREF |
||
| 999 |
_c354026 _d354026 |
||